|
|
|
|
| LEADER |
00861nab a2200193 i 4500 |
| 001 |
misc28081 |
| 005 |
20191111110405.0 |
| 008 |
171017s1953 hu o 0|| zxx d |
| 040 |
|
|
|a SZTE Miscellanea Repozitórium
|b hun
|
| 041 |
|
|
|a zxx
|
| 100 |
1 |
|
|a Sávay Gyula
|
| 245 |
1 |
0 |
|a Über die experimentelle Beeinflussung der auf Kälteeinwirkungen zustandekommenden Blutdrucksteigerung (cold-pressor-effect) = (A hideghatásra bekövetkező vérnyomásemelkedés (cold-pressor-effectus) kísérletes befolyásolása)
|h [elektronikus dokumentum] /
|c Sávay Gyula
|
| 260 |
|
|
|c 1953
|
| 300 |
|
|
|a 1
|
| 490 |
0 |
|
|a Kolligátum
|
| 695 |
|
|
|a Idegdúc - idegélettan, Hideg - élettani hatás, Idegrendszer - vérnyomás hatása
|
| 700 |
0 |
1 |
|a Csillik Bertalan
|e aut
|
| 700 |
0 |
1 |
|a Gellért Albert
|e aut
|
| 856 |
4 |
0 |
|u http://misc.bibl.u-szeged.hu/28081/1/018_021_170.pdf
|z Dokumentum-elérés
|